| 000 | 00340nam a22001217a 4500 | ||
|---|---|---|---|
| 999 |
_c130125 _d130125 |
||
| 008 | 191204b ||||| |||| 00| 0 eng d | ||
| 050 | _aPR4142.K3 1976 | ||
| 100 |
_aKazim, Alfred _948910 |
||
| 245 |
_aThe portable blake _cAlfred Kazin |
||
| 260 |
_aNew York _bPenguin Books _c1976 |
||
| 300 |
_axii, 713p. ; _c20cm. |
||
| 942 |
_2lcc _cMONOGRAPH |
||